Statistics for Psalm 42:1-2

Click here to take the quiz!

General Stats

  • This quiz has been taken 5 times
  • The average score is 22 of 32

Answer Stats

Answer% Correct
As
100%
the
100%
the
100%
for
80%
for
80%
for
80%
for
80%
go
80%
God
80%
God
80%
God
80%
God
80%
I
80%
pants
80%
pants
80%
so
80%
soul
80%
soul
80%
water
80%
and
60%
deer
60%
living
60%
My
60%
my
60%
my
60%
thirsts
60%
you
60%
can
40%
of
40%
streams
40%
When
40%
with
20%

Score Distribution

Percentile by Number Answered

Percent of People with Each Score

Your Score History

You have not taken this quiz